Catálogo

INICIACION A LA METEOROLOGIA Y LA CLIMATOLOGIA (Registro nro. 50471)

Detalles MARC
000 -LEADER
fixed length control field 00960nam a2200193 a 4500
001 - CONTROL NUMBER
control field 50471
005 - DATE AND TIME OF LATEST TRANSACTION
control field 20180714035541.0
008 - FIXED-LENGTH DATA ELEMENTS--GENERAL INFORMATION
fixed length control field 140415s2000 sp 000 0 spa d
020 ## - INTERNATIONAL STANDARD BOOK NUMBER
International Standard Book Number 8471148692
041 ## - LANGUAGE CODE
Language code of text/sound track or separate title spa
082 ## - DEWEY DECIMAL CLASSIFICATION NUMBER
Classification number 551.6
Item number FUE
100 1# - MAIN ENTRY--PERSONAL NAME
Personal name FUENTES YAGÜE, J. L.
245 10 - TITLE STATEMENT
Title INICIACION A LA METEOROLOGIA Y LA CLIMATOLOGIA
250 ## - EDITION STATEMENT
Edition statement 1a ed.
260 ## - PUBLICATION, DISTRIBUTION, ETC.
Place of publication, distribution, etc. ESPAÑA :
Name of publisher, distributor, etc. EDICIONES MUNDI-PRENSA,
Date of publication, distribution, etc. 2000
300 ## - PHYSICAL DESCRIPTION
Extent 262
Dimensions 14 x 1 x 21.5
520 ## - SUMMARY, ETC.
Summary, etc. EL TIEMPO QUE HA SIDO SIEMPRE UN CLASICO MOTIVO DE CONSERVACION EN TODOS LOS AMBIENTES CULTURALES. EN LAS DOS ULTIMAS DECADAS SE HA EXTENDIDO LA IDEA DE UN CAMBIO CLIMATICO GLOBAL, LO QUE CONVIERTE AL CLIMA EN UN TEMA DE INTERES GENERAL. EL CAPITULO 1 TRATA DEL SISTEMA CLIMATICO, SUS COMPONENTES Y SU FUNCIONAMIENTO GENERAL. DEL CAPITULO 2 AL 6 SE ABORDAN LOS PROCESOS QUE GOBIERNAN EL FUNCIONAMIENTO DEL SISTEMA.
650 14 - SUBJECT ADDED ENTRY--TOPICAL TERM
Topical term or geographic name entry element CLIMATOLOGIA
General subdivision ESTADO ATMOSFERICO
-- METEREOLOGIA
Existencias
Withdrawn status Lost status Source of classification or shelving scheme Damaged status Not for loan Collection code Home library Current library Shelving location Date acquired Source of acquisition Inventory number Total Checkouts Full call number Barcode Date last seen Date last checked out Price effective from Koha item type
    Dewey Decimal Classification     General Biblioteca Karol Wojtyla Biblioteca Karol Wojtyla Sala general 03/12/2013 Compra 151000000000000000000022 2 551.6 FUE 75230 05/01/2026 31/10/2024 03/03/2016 Libro